[Event "Moscow op1"]
[Site "Moscow"]
[Date "2007.10.13"]
[Round "3"]
[White "Rozhkov, Viacheslav"]
[Black "Gaboev, Batraz"]
[Result "1-0"]
[WhiteElo "2230"]
[BlackElo "2124"]
[PlyCount "47"]
[EventDate "2007.10.07"]
[EventType "swiss"]
[EventRounds "9"]
[EventCountry "RUS"]
[SourceTitle "EXT 2009"]
[Source "ChessBase"]
[SourceDate "2008.11.26"]
[SourceVersion "1"]
[SourceVersionDate "2008.11.26"]
[SourceQuality "1"]

1. e4 c5 2. Nf3 d6 3. d4 cxd4 4. Nxd4 Nf6 5. Nc3 g6 6. Be3 Bg7 7. f3 Nc6 8. Qd2 h5 9. 0-0-0 Bd7 10. Kb1 Rc8 11. Nxc6 Bxc6 12. h4 Qa5 13. Bd4 b5 14. Nxb5 Qxd2 15. Rxd2 a6 16. Na7 Rc7 17. Bxa6 0-0 18. Nxc6 Rxc6 19. Bb5 Rc7 20. a4 Bh6 21. Rd3 Rfc8 22. Bxf6 exf6 23. c4 Bf4 24. Rhd1 1-0